logo

Bir Sreshtho Munshi Abdur Rouf Library
Jhenaidah Cadet College

ভাষা আন্দোলন : (Record no. 39)

MARC details
000 -LEADER
fixed length control field 01252cam a2200325 a 4500
001 - CONTROL NUMBER
JCCL Control Number 39
003 - CONTROL NUMBER IDENTIFIER
JCCL marc code BD-JhCC
005 - DATE AND TIME OF LATEST TRANSACTION
control field 20171220123759.0
008 - FIXED-LENGTH DATA ELEMENTS--GENERAL INFORMATION
fixed length control field 17 s2005 bg af b 001 0 benod
020 ## - INTERNATIONAL STANDARD BOOK NUMBER
International Standard Book Number 9844654092
035 ## - SYSTEM CONTROL NUMBER
system control number (BD-JhCC)39
040 ## - CATALOGING SOURCE
Original cataloging agency DLC
Transcribing agency DLC
Modifying agency DLC
041 ## - LANGUAGE CODE
Language code of Book ben
050 00 - LIBRARY OF CONGRESS CALL NUMBER
Classification number P119.32.B38
Item number M37 2005
082 ## - DEWEY DECIMAL CLASSIFICATION NUMBER
Author mark and Year MAT 2005
Classification number 954.9205
100 1# - MAIN ENTRY--PERSONAL NAME
Personal name মতিন, আবদুল
245 10 - TITLE STATEMENT
Title ভাষা আন্দোলন :
Remainder of title ইতিহাস ও তাৎপর্য /
Statement of responsibility, etc আবদুল মতিন এবং আহমদ রফিক
250 ## - EDITION STATEMENT
Edition statement 3. saṃskaraṇa.
260 ## - PUBLICATION, DISTRIBUTION, ETC. (IMPRINT)
Place of publication, distribution, etc ঢাকা :
Name of publisher, distributor, etc সাহিত্য প্রকাশ,
Date of publication, distribution, etc 2005.
300 ## - PHYSICAL DESCRIPTION
Pagination 252, [6] p., [8] p. of plates :
Other physical details ill. ;
Dimensions 22 cm.
504 ## - BIBLIOGRAPHY, ETC. NOTE
Bibliography, etc Includes bibliographical references (p. 247-252) and index.
520 ## - SUMMARY, ETC.
Summary, etc Articles on the history of 1952 language movement of Bangladesh and it's significance.
650 #0 - SUBJECT ADDED ENTRY--TOPICAL TERM
Topical term or geographic name as entry element Bengali language movement
General subdivision History.
650 #0 - SUBJECT ADDED ENTRY--TOPICAL TERM
Topical term or geographic name as entry element Language policy
Geographic subdivision Bangladesh
General subdivision History.
650 #0 - SUBJECT ADDED ENTRY--TOPICAL TERM
Topical term or geographic name as entry element Bengali language
General subdivision Political aspects
Geographic subdivision Bangladesh.
651 #0 - SUBJECT ADDED ENTRY--GEOGRAPHIC NAME
Geographic name Bangladesh
General subdivision Languages
-- Political aspects.
700 1# - ADDED ENTRY--PERSONAL NAME
Personal name রফিক, আহমদ
942 ## - ADDED ENTRY ELEMENTS (KOHA)
Source of classification or shelving scheme Dewey Decimal Classification
Koha item type Books

No items available.


JCC Library | Contacts | JCC Home

Last Update on 23 September 2017
Copyright @ 2017-2020 JCC Rouf Library
Rouf Library, Jhenidah Cadet College (JCC), Bangladesh